| 000 | 01751nam a22003017a 4500 | ||
|---|---|---|---|
| 005 | 20111115113440.0 | ||
| 010 | _aENG-104103 B-460910-914 | ||
| 020 |
_a9788184301106 _c250.00 |
||
| 035 | _aEN-87636 B-460910-914 | ||
| 037 | _bDBAD/PUB | ||
| 037 | _bVirtuous Pub/Ven | ||
| 082 | _aS | ||
| 100 |
_aMande, Yashwant _949120 |
||
| 245 |
_aThe girl from Himachal & other stories / _cby Yashwant Mande |
||
| 260 |
_aNew Delhi _bOcean Books _c2011 |
||
| 270 |
_a4/19, Asaf Ali Road _bNew Delhi _e110002 |
||
| 300 |
_a184p. _c22cm (Hb) |
||
| 500 | _aIncludes bibliographical references | ||
| 700 | _935820 | ||
| 942 |
_2ddc _cEN _hS _mMAN |
||
| 999 |
_c58369 _d58369 |
||